Géographie des États-Unis. - Statistiques

Statistiques générales
  • Ce quiz a été pris 1 270 fois
    1 253 depuis la dernière actualisation
  • Le résultat moyen est 17 sur 21
Statistiques - réponses
Questions Réponses % Correct
Avec quel pays les États-Unis possèdent-ils leur plus grande frontière? Canada
100%
Combien y en a-t-il? 50
97%
Quels océan bordent les États-Unis? Océan {Atlantique}
97%
Océan {Pacifique}
97%
Quelle mer? Golfe du {Mexique}
96%
Avec quel pays les États-Unis partagent-ils leur frontière méridionale? Mexique
96%
Quelle est la capitales des États-Unis? Washington
96%
Quelle est sa plus grande ville? New York
95%
Quel état est connu pour ses studios de cinéma? Californie
93%
Quel archipel d'îles appartenant aux États-Unis forme un état ? Hawaï
92%
Quelle est sa plus grande ville? Los Angeles
91%
Quels sont les plus grands fleuves des États-Unis? Mississippi
88%
Quel est le plus grand état américain? Alaska
85%
Quelle est la plus grande ville donnant sur le Lac Michigan? Chicago
80%
Océan {Glacial Arctique}
72%
Quel état continental possède le point le plus à l'est des États-Unis? Maine
64%
Quelle chaîne de montagne se trouve sur tout le tiers ouest du territoire des États-Unis? Cordillère américaine
57%
Quel est le plus grand lac américain? Lac {Supérieur}
57%
Quel est le plus long cours d'eau des États-Unis? Missouri
51%
Rio Grande
27%
Quel est le point culminant des États-Unis? Denali
22%
Aucun quiz correspondant
Distribution des résultats
% des personnes avec chaque résultat
Percentile par nombre de réponses
Votre historique - résultats
Vous n’avez pas pris ce quiz depuis la dernière actualisation